Песни и арии от стари френски майстори (Запис номер 351721)
[ съкратено ]
| 000 -Лидер | |
|---|---|
| Контролно поле с фиксирана дължина | ncm a22 a 4500 |
| 003 - Код на организацията, давaща контролен номер | |
| Контролно поле | BLK |
| 005 - Дата и час на последна редакция | |
| Контролно поле | 20200406103210.0 |
| 008 - Елементи от данни с фиксирана дължина | |
| fixed length control field | 180414b bul |a|er|||| |0| c|bulo| |
| 010 ## - Наследен системен номер | |
| LC control number | NOT00003640000 |
| 040 ## - Източник на каталожния запис | |
| Идентификатор на билиотеката - собственик на записа | BLK |
| 041 ## - Код за език | |
| Код за езика на текст/звукозапис или на отделно заглавие | Български |
| Код за езика КДБФ | Български |
| 080 ## - УДК | |
| Текстов определител УДК | Камерна вок. муз. Песни, балади, арии, романси |
| УДК код - определител по УДК | 784.3 |
| УДК - код + определител | 784.3(44) |
| УДК определител | (44) |
| 139 ## - Редно поле | |
| Редна дума | Песни и арии от стари френски майстори |
| Авторски знак | Пес - П 38 |
| 245 10 - Сведения за заглавието | |
| Заглавие | Песни и арии от стари френски майстори |
| Подзаглавни данни | [за соло пеене и съпровод на пиано] |
| Редно поле (дума) | състав. Елена Балджиева. |
| 254 ## - Сведения за формата на нотното издание | |
| Формат на описваните ноти | Партитура |
| 257 ## - Страна на издаване | |
| Страна на създаване/издаване | България |
| 260 ## - Област на издателските данни | |
| Име на издателя, разпространителя и проч. | Музика |
| Година на издаване | 1988 |
| Място на издаване, разпространение и проч. | София |
| 300 ## - Физическа характеристика | |
| Размери/Мащаб | 33 см |
| Страници | 40 с. |
| 380 ## - Жанр | |
| Жанр | Изкуство |
| 505 ## - Форматирана забележка | |
| Авторската отговорност | Гийом дьо Машо. |
| Заглавие | Как е трудно да не спиш |
| 505 ## - Форматирана забележка | |
| Авторската отговорност | Жан Батист Люли. |
| Заглавие | Героят, когото чакам ; Разстели сянката си |
| 505 ## - Форматирана забележка | |
| Авторската отговорност | Жан Батист Бусе. |
| Заглавие | Чаровна нощ |
| 505 ## - Форматирана забележка | |
| Авторската отговорност | Жан Филип Рамо. |
| Заглавие | Любовта ; Надеждата ; Щурчето |
| 505 ## - Форматирана забележка | |
| Авторската отговорност | Беноа Блез. |
| Заглавие | Черешите |
| 505 ## - Форматирана забележка | |
| Авторската отговорност | Франсоа-Андре Филидор. |
| Заглавие | Малките деца |
| 505 ## - Форматирана забележка | |
| Авторската отговорност | Александър Никола Дезед. |
| Заглавие | Възхвала на днешното време |
| 505 ## - Форматирана забележка | |
| Авторската отговорност | Андре Ернест Гретри. |
| Заглавие | Два по два ; Докато всичко спи |
| 505 ## - Форматирана забележка | |
| Авторската отговорност | Франсоа Дьовиен. |
| Заглавие | Съжаленията |
| 505 ## - Форматирана забележка | |
| Авторската отговорност | Мария Луиджи Керубини. |
| Заглавие | Старият скитник |
| 650 #0 - Допълнително описание по предмет – тема | |
| Основно описание – тема или топоним | Вокална музика |
| 9 (RLIN) | 276897 |
| 653 ## - Ключова дума – ненормативна | |
| Ключова дума | арии |
| 653 #7 - Ключова дума – ненормативна | |
| Ключова дума | песни |
| 9 (RLIN) | 193581 |
| 653 #7 - Ключова дума – ненормативна | |
| Ключова дума | френски композитори |
| 9 (RLIN) | 199582 |
| 659 ## - Тематичен бюлетин | |
| Тематичен бюлетин | Ь |
| 700 ## - Други автори (авторска отговорност) | |
| Лично име | Балджиева, Елена |
| Автороска отговорност (Описва отношението между автора и произведението) | състав. |
| 9 (RLIN) | 403796 |
| 852 ## - Местоположение | |
| Форматна сигнатура | Цб М ІІ 10296 |
| Част | 17 |
| 856 4# - Електронен адрес и достъп | |
| Електронен формат | pdf - файл |
| Път до файла /url/ | |
| 856 4# - Електронен адрес и достъп | |
| Електронен формат | pdf - файл |
| Път до файла /url/ | |
| 999 ## - СИСТЕМНИ КОНТРОЛНИ НОМЕРА | |
| Koha biblionumber | 351721 |
| Koha biblioitemnumber | 351721 |
| 942 ## - АРТИКУЛИ | |
| Вид на библиотечния материал | Нотни издания |
| Скрит в OPAC | Не |
| Koha issues (borrowed), all copies | 1 |
| Периодичен библиозапис | Да |
| 944 ## - СЪЗДАВАНЕ И РЕДАКЦИЯ на ЗАПИСА | |
| Създаване/Редакция | Създаване |
| Дата на регистрацията/редакция | 2020-04-06 |
| Служител, извършил регистрацията/редакцията | Ренета Константинова |
| 999 ## - СИСТЕМНИ КОНТРОЛНИ НОМЕРА | |
| Koha biblioitemnumber | 320191 |
| 999 ## - СИСТЕМНИ КОНТРОЛНИ НОМЕРА | |
| Koha biblioitemnumber | 320191 |
| Код за отписване | Код за изгубен артикул | Източник на класификационната схема | Код за повреда | Коз за рестрикции | Код за отдаване | Артикулен № | Име на библиотеката - собственик | Име на библиотеката, в която се намира в момента | Статус (Текущо местоположение) | Дата на вписване в системата | Местоположение - отдел | Цена в лева | Инвентарен номер | Систематично азбучна сигнатура | Баркод | Цена в евро | Служебен тип на артикула |
|---|---|---|---|---|---|---|---|---|---|---|---|---|---|---|---|---|---|
| Не е изгубен | Universal Decimal Classification | Не е повреден | без рестрикции | заемане за дома | 759795 | Регионална библиотека "Любен Каравелов" Русе | Регионална библиотека "Любен Каравелов" Русе | Отдел Изкуство - подръчен фонд | 2020-04-09 | Отдел Изкуство - подръчен фонд | 2.40 | 460837 | 784/П 38 | 120000460837 | 1.23 | Нотни издания | |
| Не е изгубен | Universal Decimal Classification | Не е повреден | само за читалня | ползва се в читалня | 779450 | Регионална библиотека "Любен Каравелов" Русе | Регионална библиотека "Любен Каравелов" Русе | Хранилище | 2020-06-29 | Хранилище | 2.40 | 459374 | Цб М ІІ 10296 | 900000022933 | 1.23 | Нотни издания |